00792nam a2200241Ia 4500001000600000003000900006008004100015040001300056040001300069041001200082100001600094100002900110245004800139245003100187250001100218260001400229260001700243260004900260300005900309500010800368650004300476650003100519F0109IT-RoPAU130308s9999 xx 000 0 und d aIT-RoPAU cIT-RoPAU aINGLESE aPoster Mark gCodice Aut. SPICS: 45055 aMode of Information and Postmodernity (The) bCommunication Theory today a1a ed. aCAMBRIDGE bPolity Press c1994 [1° Ed.:1994 - Ed.Ling.Originale:1994] a"20 p. (prefazione: no ; testo: 20 [pagine: 173-192])" aModo di Informazione e Postmodernità. Modo dell'informazione Decreta riconfigurazione del Linguaggio. aSOCIOLOGIA DELLA COMUNICAZIONE SOCIALE eCodice materia Spics: 3806